000 01226nam a2200313 i 4500
003 EG-GICUC
005 20260121164524.0
008 251120s1978 ua ||||f |||| 00| 0 ara d
040 _a EG-GICUC
_bara
_c EG-GICUC
_d EG-GICUC
_erda
041 _aara
082 0 4 _221
_a345.2
_bم ح . د
092 0 4 _221
099 _aLaw1 07 345.2 م ح . د 1978
100 0 _aمحمد عبد الرحمن
_eمؤلف.
245 _aدور الاستشاريين في التنظيم \
_cإعداد محمد عبد الرحمن.
264 3 _aالقاهرة :
_bدار الهنا للطباعة،
_c1978.
300 _a127 صفحة:
_bإيضاحيات، صور، مثيليات ؛
_c24 سم
336 _2rda content
_atext
337 _2rda media
_aComputer
338 _2rda carrier
_aOnline Resource
490 _3سلسلة الملفات العلمية
_v1
504 _a. 128 ببليوجرافيا: صفحات.
546 _aالنص أغلبه باللغة العربية بعض النصوص الإنجليزية والفرنسية
650 1 _aالقانون الإداري
_2qrmak
651 1 _2qrmak
856 4 0 _uhttps://fll.law.cu.edu.eg/fulltext/bks/B07-00059.pdf
905 _a74
_eYara
942 _2ddc
_n0
_cBK
_e21
999 _c45134
_d45134